000 00334nam a2200157Ia 4500
100 _aJawaharlal Nehru
650 _aGeneral
942 _cBK
366 _f17.5
245 _aLetters from a father to his daughter
260 _bPenguin Books
_c2004
082 _a920/JAW
_bJAW
300 _a154
546 _aENGLISH
999 _c26534
_d26534